00826nam a2200145Ia 4500008004100000020001800041100006800059245009700127260002700224650025300251650002200504856004100526999001900567952009400586171212s9999 xx 000 0 und d a9780833035349 aRabasa, Angel;Waxman, Matthew;Larson, Eric V.;Marcum, Cheryl Y. cRabasa, Angel;Waxman, Matthew;Larson, Eric V.;Marcum, Cheryl Y.aThe Muslim World After 9/11 bRAND Corporationc2004 aIslamic countries -- Relations -- United States; United States -- Relations -- Islamic countries; September 11 Terrorist Attacks, 2001 -- Influence; Islam and politics -- Islamic countries; Islamic fundamentalism; National security -- United States aPolitical Science uwww.jstor.org/stable/10.7249/mg246af c352695d352695 001040aCLbCLd2017-12-12l0oDS35.74.U6M875 2004r2017-12-12 00:00:00w2017-12-12yCBE